00987 2200361 4500001002100000005001500021035002000036245012500056100002500181250000600206300003700212700001200249260004300261082001000304084001600314020001800330650002200348990001700370990001700387990001700404990001700421990001700438990001700455990001700472990001700489990001700506990001700523990001700540990001700557990001700574990001700591990001700608INLIS00000000000048320181114114529 a0010-11180000261 aSeri Biografi Bung Karno :bMasa Kemerdekaan Putra Sang Fajar ( 1945-1949 ) /cSari Pusparini Soleh; Ilustrator, Sutarjo0 aSari Pusparini Soleh a- avi, 66 hlm. :bilus. ;c29,7 cm.0 aSutarjo aBandung :bPT Remaja Rosdakarya,c2004 a923.5 a923.5 SAR s a979-692-111-1 aBiografi Soekarno a01680/P/2018 a01681/P/2018 a01682/P/2018 a01677/P/2018 a01681/P/2018 a01682/P/2018 a01677/P/2018 a01681/P/2018 a01682/P/2018 a01678/P/2018 a01677/P/2018 a01682/P/2018 a01679/P/2018 a01677/P/2018 a01678/P/2018